header

Prevention of major industrial accidents (Record no. 3242)

MARC details
000 -LEADER
fixed length control field 01334nam a2200313 a 4500
082 04 - DEWEY DECIMAL CLASSIFICATION NUMBER
Classification number 363.11/7
245 10 - TITLE STATEMENT
Title Prevention of major industrial accidents
260 ## - PUBLICATION, DISTRIBUTION, ETC. (IMPRINT)
Place of publication Geneva :
Name of publisher International Labour Office,
Year of publication 1991.
300 ## - PHYSICAL DESCRIPTION
Number of Pages xiii, 108 p.
490 1# - SERIES STATEMENT
Series statement An ILC code of practice
650 #0 - SUBJECT ADDED ENTRY--TOPICAL TERM
Topical Term Hazardous substances
856 40 - ELECTRONIC LOCATION AND ACCESS
Uniform Resource Identifier http://site.ebrary.com/lib/rucke/Doc?id=10004924

No items available.

© 2026 Rongo University
Contact us: librarian | system librarian | Rongo university